|
|
|
|
| LEADER |
00000nam0a2200000 4500 |
| 001 |
44005 |
| 005 |
20231031021742.0 |
| 010 |
|
|
|a 506004338X
|
| 035 |
|
|
|a (RuTPU)RU\TPU\book\45634
|
| 090 |
|
|
|a 44005
|
| 100 |
|
|
|a 20021104d2002 k a0rusy50 ca
|
| 101 |
0 |
|
|a rus
|
| 102 |
|
|
|a RU
|
| 105 |
|
|
|a y n 000zy
|
| 200 |
1 |
|
|a Перечень магистерских программ образовательных стандартов высшего профессионального образования с аннотациями
|f Министерство образования Российской Федерации; под ред. Г. К. Шестакова
|
| 205 |
|
|
|a Изд. официальное
|
| 210 |
|
|
|a Москва
|c Высшая школа
|d 2002
|
| 215 |
|
|
|a 504 с.
|
| 610 |
1 |
|
|a образование
|
| 610 |
1 |
|
|a высшее образование
|
| 610 |
1 |
|
|a государственные образовательные стандарты
|
| 610 |
1 |
|
|a магистерские программы
|
| 686 |
|
|
|a Ч481.21
|v LBC/SL-A
|2 rubbk
|
| 702 |
|
1 |
|a Шестаков
|b Г. К.
|4 340
|
| 712 |
|
|
|a Министерство образования Российской Федерации
|2 stltpush
|3 (RuTPU)RU\TPU\col\73
|
| 801 |
|
1 |
|a RU
|b 63413507
|c 20021104
|g PSBO
|
| 801 |
|
2 |
|a RU
|b 63413507
|c 20120710
|g PSBO
|
| 942 |
|
|
|c BK
|